Štátny rozpočet pod drobnohľadom

Bibliographic Details
Format: Article
Language:Slovak
PhysicalDescription:Fotogr. 1
ISSN:0862-9567
Subjects:

MARC

LEADER 00000nab a2200000 a 4500
001 vtls000606473
003 SK-MaSNL
005 20260303014152.0
008 140228c1996 xo 0 slo
015 |a SNBRB19rr/mm-uuuuu 
035 |a CL0606612 
040 |a SNKBUCL  |b slo  |c SNKBUCL  |e AACR2 
041 0 |a slo 
044 |a xo  |c SK 
080 |a 331.882(437.6):328.1(437.6):061.3:336.121(437.6)  |2 1981 
080 |a 328.1(437.6)  |2 1981 
080 |a 336.121(437.6)  |2 1981 
245 0 0 |a Štátny rozpočet pod drobnohľadom 
300 |b Fotogr. 1 
650 0 7 |a Asociácia zamestnávateľských zväzov a združení Slovenskej republiky  |2 snkbucl  |9 901476 
650 0 7 |a vláda Slovenskej republiky  |2 snkbucl  |9 898250 
650 0 7 |a štátny rozpočet  |2 snkbucl  |9 2364 
655 7 |a články z novín a časopisov  |2 snkbucl  |9 267496 
773 0 |t Hospodárske noviny  |g Roč. 4, č. 231 (27. 11. 1996)  |x 0862-9567 
773 0 |t [Príl.] Slovenský zamestnávateľ  |g Č. 1, s. Z1  |x 0862-9567 
850 |a Slovenská národná knižnica v Martine  |a MTA001 
852 |a SNK  |b KIS3GCP 
958 |a SK 
958 |a RK 
992 |a RBX 
999 |c 1606260  |d 1608190